Trénink volejbalu /
Uložené v:
| Hlavní autori: | , , |
|---|---|
| Médium: | Kniha |
| Jazyk: | Czech |
| Vydavateľské údaje: |
Praha
Karolinum
2011
|
| Vydanie: | 1. vyd. |
| Predmet: | |
| Tagy: |
Žiadne tagy, Buďte prvý, kto otaguje tento záznam!
|
MARC
| LEADER | 00000nam a22000003a 4500 | ||
|---|---|---|---|
| 001 | 0009610 | ||
| 003 | SK-STU | ||
| 005 | 20151202102523.4 | ||
| 007 | ta | ||
| 008 | 151202s ----xo-----e------000-0-----d | ||
| 020 | |a 978-80-246-1967-5 | ||
| 040 | |a STU |b slo | ||
| 041 | 0 | |a cze | |
| 100 | 1 | |a Buchtel, Jaroslav |4 aut | |
| 245 | 1 | 0 | |a Trénink volejbalu / |c aut. Jaroslav Buchtel, Miroslav Ejem, Rostislav Vorálek |
| 250 | |a 1. vyd. | ||
| 260 | |a Praha |b Karolinum |c 2011 | ||
| 300 | |a 256 s. | ||
| 650 | 0 | 7 | |a Volejbal |
| 700 | 1 | |a Ejem, Miroslav |4 aut | |
| 700 | 1 | |a Vorálek, Rostislav |4 aut | |
| 996 | |b 284J044522 |c J* 117804 |l JJSK |s A |a 24 |w 0009610_0001 | ||